000
00293nam a22001337a 4500
008
170809b xxu||||| |||| 00| 0 eng d
020
_a
9780558265106
041
_a
eng
080
_a
004
100
_a
35
101
_a
SHKI
245
_a
CUSTOM PROGRAM FOR CIS
_c
BOLES, P.F
942
_2
udc
_c
BK
999
_c
22965
_d
22965